Statistics for Permanent UN Security Council Members

Click here to take the quiz!

General Stats

  • This quiz has been taken 100 times
  • The average score is 5 of 5

Answer Stats

Answer% Correct
Russia
100%
United States
100%
France
99%
United Kingdom
99%
China
95%

Score Distribution

Percentile by Number Answered

Percent of People with Each Score

Your Score History

You have not taken this quiz